| 000 | 00507nam a2200181Ia 4500 | ||
|---|---|---|---|
| 005 | 20250508163725.0 | ||
| 008 | 008 250505s9999 xx 000 0 eng d | ||
| 037 | _aTextual | ||
| 040 |
_aFEDL _beng _cFEDL |
||
| 041 |
_aeng _2eng |
||
| 084 |
_a379.111, RAO _qFEDL |
||
| 100 |
_aRao D Pulla _9446068 |
||
| 245 | 0 | _aEconomics of primary education | |
| 260 |
_aNew Delhi, India _bRawat Publications _c1998 |
||
| 300 | _a226p. | ||
| 942 |
_cTEXL _h379.111, RAO |
||
| 999 |
_c1384900 _d1384900 |
||